[Event "World Rapid Championship"]
[Site "Doha QAT"]
[Date "2016.12.26"]
[EventDate "2016.12.26"]
[Round "2.24"]
[Result "1/2-1/2"]
[White "Maxime Vachier-Lagrave"]
[Black "Ahmed Adly"]
[WhiteElo "2804"]
[BlackElo "2599"]
[PlyCount "134"]

1. e4 c5 2. Nf3 d6 3. d4 cxd4 4. Nxd4 Nf6 5. Nc3 a6 6. h3 e5
7. Nde2 h5 8. Nd5 Be6 9. Nxf6+ Qxf6 10. Nc3 Qg6 11. Be3 Nd7
12. Qd2 Rc8 13. O-O-O Be7 14. Kb1 Nf6 15. f3 h4 16. Bd3 O-O
17. f4 exf4 18. Bxf4 Qh5 19. Rhe1 Rc5 20. Be3 Rc7 21. Ne2 Bc4
22. Nd4 d5 23. Bf4 Rd7 24. e5 Ne4 25. Qe3 Bxd3 26. cxd3 Nc5
27. e6 Rdd8 28. exf7+ Rxf7 29. Nf3 Qf5 30. Be5 Nd7 31. Bc3 Rc8
32. Re2 Bf6 33. Bxf6 Qxf6 34. Qe6 Qxe6 35. Rxe6 Nf8 36. Rd6
Re8 37. Rd2 Rf5 38. Nxh4 Rf1+ 39. Kc2 Ne6 40. Nf3 Nf4 41. Nd4
Rg1 42. Rd7 Nxg2 43. Rxb7 Ne1+ 44. Kc3 Rg3 45. Nf5 Rg5
46. Ne7+ Kh7 47. Rf2 Rg3 48. Rd2 Rg5 49. h4 Re5 50. Nc6 Rc8
51. Rb6 Re6 52. Rxa6 Nf3 53. Rg2 Rexc6+ 54. Rxc6 Rxc6+ 55. Kb4
Nxh4 56. Rh2 g5 57. a4 Kg6 58. Kb5 Rc8 59. a5 Nf3 60. Rg2 Nd4+
61. Kb6 Rb8+ 62. Kc7 Rb3 63. a6 Rxd3 64. Kb6 Rb3+ 65. Kc5 Ne6+
66. Kc6 Nd4+ 67. Kxd5 Rb6 1/2-1/2

[Event "World Rapid Championship"]
[Site "Doha QAT"]
[Date "2016.12.26"]
[EventDate "2016.12.26"]
[Round "3.23"]
[Result "0-1"]
[White "Lu Shanglei"]
[Black "Maxime Vachier-Lagrave"]
[WhiteElo "2627"]
[BlackElo "2804"]
[PlyCount "72"]

1. e4 c5 2. Nf3 d6 3. Bb5+ Nd7 4. c3 Nf6 5. Qe2 a6 6. Ba4 e6
7. Bc2 b5 8. d4 Bb7 9. O-O Be7 10. Rd1 O-O 11. Bf4 cxd4
12. cxd4 Rc8 13. Bd3 e5 14. dxe5 Nh5 15. Be3 dxe5 16. Nc3 Nhf6
17. Bc2 b4 18. Nd5 Nxd5 19. exd5 Bd6 20. Ng5 Nf6 21. Bf5 Rb8
22. f3 h6 23. Ne4 Nxd5 24. Rac1 Re8 25. Qf2 Qe7 26. Bc5 Bxc5
27. Qxc5 Qxc5+ 28. Nxc5 Ne3 29. Bd7 Nxd1 30. Bxe8 Nxb2 31. Bd7
a5 32. Kf2 Bd5 33. Rb1 Nc4 34. Rd1 Nb6 35. Na4 Nxa4 36. Rxd5
Nb6 0-1

[Event "World Rapid Championship"]
[Site "Doha QAT"]
[Date "2016.12.26"]
[EventDate "2016.12.26"]
[Round "4.15"]
[Result "1-0"]
[White "Maxime Vachier-Lagrave"]
[Black "Alexander Riazantsev"]
[WhiteElo "2804"]
[BlackElo "2671"]
[PlyCount "91"]

1. e4 c6 2. Nf3 d5 3. Nc3 Bg4 4. h3 Bxf3 5. Qxf3 Nf6 6. Be2 e6
7. O-O Nbd7 8. d4 dxe4 9. Nxe4 Nxe4 10. Qxe4 Nf6 11. Qd3 Bd6
12. Rd1 Qc7 13. Bd2 Bh2+ 14. Kh1 Bf4 15. Be1 O-O 16. a4 Rad8
17. Qf3 Rfe8 18. a5 a6 19. Bc4 Nd5 20. Bb3 Bg5 21. c4 Ne7
22. Bc2 Bf6 23. Bc3 Nc8 24. Rd2 Nd6 25. b3 Rd7 26. Rad1 Qd8
27. Bb4 g6 28. g3 Bg7 29. Kg2 Qc7 30. h4 Red8 31. h5 Ne8
32. Bc3 Nd6 33. g4 Ne8 34. Qe3 Qd6 35. hxg6 hxg6 36. Rh1 Qe7
37. Rdd1 Qf6 38. Rh3 Qe7 39. Rhh1 Qf6 40. g5 Qe7 41. f4 Nd6
42. Qh3 Nf5 43. Bxf5 exf5 44. Rde1 Qa3 45. d5 Qa2+ 46. Kf1 1-0

[Event "World Rapid Championship"]
[Site "Doha QAT"]
[Date "2016.12.26"]
[EventDate "2016.12.26"]
[Round "5.4"]
[Result "1/2-1/2"]
[White "Li Chao"]
[Black "Maxime Vachier-Lagrave"]
[WhiteElo "2720"]
[BlackElo "2804"]
[PlyCount "83"]

1. d4 Nf6 2. c4 g6 3. Nc3 d5 4. Bf4 Bg7 5. e3 O-O 6. cxd5 Nxd5
7. Nxd5 Qxd5 8. Bxc7 Na6 9. Bxa6 Qxg2 10. Qf3 Qxf3 11. Nxf3
bxa6 12. Rc1 f6 13. b3 Rf7 14. Rg1 e5 15. dxe5 fxe5 16. Ng5
Rd7 17. Ke2 Bb7 18. Ne6 Bf6 19. Ba5 Be7 20. f3 e4 21. f4 Rd5
22. b4 Rc8 23. Ng5 Rxc1 24. Rxc1 Bxg5 25. fxg5 Rxg5 26. Kf2
Rf5+ 27. Ke2 Rh5 28. Bc7 a5 29. Rc5 axb4 30. Rxh5 gxh5 31. Ba5
Bd5 32. Bxb4 Bxa2 33. Kd2 Kf7 34. Kc3 Ke6 35. Kd4 Bb1 36. Bc5
a5 37. Kc3 a4 38. Kb4 Bc2 39. Ba7 h4 40. Bb8 Kf5 41. Bf4 Kg4
42. Ka3 1/2-1/2

[Event "World Rapid Championship"]
[Site "Doha QAT"]
[Date "2016.12.27"]
[EventDate "2016.12.26"]
[Round "6.10"]
[Result "1-0"]
[White "Maxime Vachier-Lagrave"]
[Black "Evgeny Tomashevsky"]
[WhiteElo "2804"]
[BlackElo "2716"]
[PlyCount "77"]

1. e4 c6 2. d4 d5 3. e5 Bf5 4. Nf3 e6 5. Be2 Ne7 6. O-O h6
7. Nbd2 Nd7 8. Nb3 Qc7 9. Bd2 g5 10. c4 a5 11. Rc1 dxc4
12. Bxc4 Bg7 13. Re1 O-O 14. h4 g4 15. Nh2 h5 16. Bg5 Nd5
17. Nf1 a4 18. Ng3 Bg6 19. Nd2 Rae8 20. Nde4 f6 21. exf6 N7xf6
22. Nxf6+ Bxf6 23. Rxe6 Rxe6 24. Bxd5 Qd6 25. Bxe6+ Qxe6
26. Qd2 Bg7 27. Bh6 Qxa2 28. Bxg7 Kxg7 29. Qg5 Qf7 30. Rc2 Kh7
31. Re2 Re8 32. Re5 Rxe5 33. dxe5 b5 34. Qe3 b4 35. e6 Qe7
36. Qe5 Qg7 37. Qc5 Qxb2 38. Nxh5 Qd2 39. Nf6+ 1-0

[Event "World Rapid Championship"]
[Site "Doha QAT"]
[Date "2016.12.27"]
[EventDate "2016.12.26"]
[Round "8.6"]
[Result "0-1"]
[White "Maxime Vachier-Lagrave"]
[Black "Yu Yangyi"]
[WhiteElo "2804"]
[BlackElo "2729"]
[PlyCount "102"]

1. e4 c5 2. Nf3 Nc6 3. Nc3 e5 4. Bc4 Be7 5. d3 d6 6. O-O Nf6
7. Ng5 O-O 8. f4 Bg4 9. Qe1 exf4 10. Bxf4 Nd4 11. Qf2 h6
12. Nf3 Nxf3+ 13. gxf3 Bh3 14. Kh1 Nh5 15. Be3 Bh4 16. Qe2
Bxf1 17. Qxf1 Bg3 18. Qh3 Qh4 19. Qxh4 Bxh4 20. f4 Kh7 21. f5
Bg5 22. Bxg5 hxg5 23. Rg1 Kh6 24. Nd5 Rae8 25. Ne3 g6 26. Ng4+
Kg7 27. Ne3 f6 28. fxg6 Kxg6 29. Nf5 Rd8 30. Kg2 Rfe8 31. Kf3
d5 32. Bxd5 Rxd5 33. Nh4+ Kh6 34. exd5 gxh4 35. Rg4 f5
36. Rxh4 Kg5 37. Ra4 a6 38. Ra5 Rc8 39. d6 Kf6 40. d7 Rd8
41. Rxc5 Rxd7 42. Ke3 Re7+ 43. Kf3 Rd7 44. Ke3 Ng7 45. d4 Ne6
46. Rc4 Rh7 47. d5 Rh3+ 48. Kf2 Ng5 49. Rc8 Rxh2+ 50. Kg3 Rd2
51. c4 Rd3+ 0-1

[Event "World Rapid Championship"]
[Site "Doha QAT"]
[Date "2016.12.27"]
[EventDate "2016.12.26"]
[Round "9.8"]
[Result "0-1"]
[White "Bu Xiangzhi"]
[Black "Maxime Vachier-Lagrave"]
[WhiteElo "2705"]
[BlackElo "2804"]
[PlyCount "98"]

1. Nf3 c5 2. c4 Nc6 3. d4 cxd4 4. Nxd4 Nf6 5. Nc3 e6 6. a3 Be7
7. e4 O-O 8. Nf3 Qc7 9. Be2 b6 10. O-O Bb7 11. Bg5 Ne5 12. Nd2
Ng6 13. Be3 Bc5 14. Bxc5 bxc5 15. Re1 a5 16. Bf1 Rfd8 17. Rb1
Bc6 18. b3 d6 19. Qc2 Qb7 20. a4 Qe7 21. Rbd1 Ng4 22. Nf3 Bb7
23. Nb5 N4e5 24. Nxe5 Nxe5 25. Rd2 Rd7 26. Re3 Rad8 27. Qd1 g5
28. Qh5 Qf6 29. Rg3 h6 30. f4 Qxf4 31. Rf2 Qxe4 32. Qxh6 g4
33. Rf6 Qh7 34. Qf4 Be4 35. Nxd6 Rxd6 36. Qxe5 Bf5 37. Be2 Rd4
38. Re3 Qh4 39. h3 gxh3 40. Rg3+ Kf8 41. gxh3 R4d6 42. Kh2 Qd4
43. Bh5 R8d7 44. Qxd4 Rxd4 45. Bg4 Rd2+ 46. Kg1 Rb2 47. Kh1
Ke7 48. Rh6 Be4+ 49. Kg1 Rdd2 0-1

[Event "World Rapid Championship"]
[Site "Doha QAT"]
[Date "2016.12.27"]
[EventDate "2016.12.26"]
[Round "10.6"]
[Result "0-1"]
[White "Maxime Vachier-Lagrave"]
[Black "Vidit Santosh Gujrathi"]
[WhiteElo "2804"]
[BlackElo "2689"]
[PlyCount "180"]

1. e4 c6 2. d4 d5 3. e5 Bf5 4. Nf3 e6 5. Be2 c5 6. Be3 cxd4
7. Nxd4 Ne7 8. O-O Nbc6 9. Bb5 a6 10. Bxc6+ bxc6 11. c4 Qd7
12. cxd5 Nxd5 13. Nxf5 exf5 14. Bd4 Rb8 15. Nd2 Be7 16. e6
Qxe6 17. Re1 Qg6 18. Bc5 Rb7 19. Bxe7 Nxe7 20. Qa4 O-O
21. Qxa6 Rfb8 22. Nf3 h6 23. b3 Qf6 24. Rac1 Rb5 25. Qa7 R8b7
26. Qe3 Kh7 27. h3 Nd5 28. Qd4 Ra5 29. Ne5 Nb4 30. Rc4 Rd5
31. Qf4 c5 32. a3 Nc6 33. Nxc6 Qxc6 34. b4 Qb5 35. a4 Qxa4
36. Qf3 Rbd7 37. Rxc5 Qxb4 38. Rcc1 Qb5 39. Rb1 Qc5 40. Rbc1
Qb6 41. Rc8 Rd8 42. h4 Qb4 43. Rec1 Qxh4 44. g3 Qe4 45. Kg2
Rxc8 46. Rxc8 Rd3 47. Qxe4 fxe4 48. Re8 f5 49. g4 fxg4
50. Rxe4 h5 51. Re6 Rf3 52. Ra6 Rf6 53. Ra5 Kg6 54. Kg3 Rf3+
55. Kg2 Rf5 56. Ra7 Kh6 57. Kg3 Rf3+ 58. Kg2 g6 59. Ra5 Rf5
60. Ra4 Kg5 61. Ra2 Rf3 62. Ra5+ Kh6 63. Ra4 Kg5 64. Ra5+ Rf5
65. Ra2 h4 66. Rb2 h3+ 67. Kg1 Kh4 68. Rb6 Kg5 69. Rb8 Rf3
70. Rb5+ Kh4 71. Rb6 g3 72. Rb4+ Kh5 73. fxg3 Rxg3+ 74. Kh2
Rf3 75. Ra4 g5 76. Rb4 g4 77. Rb8 Rf2+ 78. Kg1 Rd2 79. Rb1 Kh4
80. Kh1 Rf2 81. Kg1 Kg3 82. Kh1 Re2 83. Rb3+ Kf4 84. Rb1 g3
85. Rb4+ Kf3 86. Rb1 Ke3 87. Kg1 Rg2+ 88. Kh1 Rd2 89. Rb3+ Rd3
90. Rb1 Ke2 0-1

[Event "World Rapid Championship"]
[Site "Doha QAT"]
[Date "2016.12.28"]
[EventDate "2016.12.26"]
[Round "11.18"]
[Result "1/2-1/2"]
[White "Vladimir Eduardovich Akopian"]
[Black "Maxime Vachier-Lagrave"]
[WhiteElo "2675"]
[BlackElo "2804"]
[PlyCount "74"]

1. e4 c5 2. Nf3 d6 3. d4 cxd4 4. Nxd4 Nf6 5. Nc3 a6 6. Be3 e5
7. Nf3 Be7 8. Bc4 O-O 9. O-O Nc6 10. Bg5 Be6 11. Bb3 Nd7
12. Bxe7 Qxe7 13. Nd5 Qd8 14. Qe2 Nc5 15. Rad1 Rc8 16. Rd2 Bg4
17. Qe3 Bxf3 18. Qxf3 Nd4 19. Qg4 Ncxb3 20. axb3 Rxc2 21. Rxc2
Nxc2 22. Rc1 Nd4 23. Rc8 f5 24. Qh5 Qxc8 25. Ne7+ Kh8 26. Ng6+
Kg8 27. Ne7+ Kh8 28. Nxc8 Rxc8 29. h4 f4 30. Qf7 h6 31. Qxb7
Rc1+ 32. Kh2 Rc2 33. Qb8+ Kh7 34. Qxd6 Rxf2 35. h5 Nf3+
36. Kh3 Ng5+ 37. Kh2 Nf3+ 1/2-1/2

[Event "World Rapid Championship"]
[Site "Doha QAT"]
[Date "2016.12.28"]
[EventDate "2016.12.26"]
[Round "15.8"]
[Result "1-0"]
[White "Farrukh Amonatov"]
[Black "Maxime Vachier-Lagrave"]
[WhiteElo "2620"]
[BlackElo "2804"]
[PlyCount "57"]

1. e4 c5 2. Nf3 d6 3. d4 cxd4 4. Nxd4 Nf6 5. Nc3 a6 6. Bc4 e6
7. a3 Be7 8. Ba2 O-O 9. g4 d5 10. exd5 Nxd5 11. Nxd5 exd5
12. Be3 Nc6 13. Qe2 Nxd4 14. Bxd4 Re8 15. O-O-O Bg5+ 16. Be3
Bxe3+ 17. fxe3 Be6 18. Rd4 Qg5 19. Kb1 Qe5 20. Rhd1 h6 21. Qf2
Rac8 22. h4 Rc5 23. Bb3 f6 24. Rf4 Kh8 25. Rg1 Bg8 26. g5 fxg5
27. hxg5 Qxe3 28. gxh6 g6 29. h7 1-0

[Event "World Blitz Championship"]
[Site "Doha QAT"]
[Date "2016.12.29"]
[EventDate "2016.12.29"]
[Round "1.6"]
[Result "1/2-1/2"]
[White "Nils Grandelius"]
[Black "Maxime Vachier-Lagrave"]
[WhiteElo "2643"]
[BlackElo "2804"]
[PlyCount "128"]

1. Nf3 c5 2. c4 Nc6 3. d4 cxd4 4. Nxd4 Nf6 5. Nc3 e6 6. a3 Be7
7. g3 d5 8. Bg2 Qb6 9. Nxc6 bxc6 10. O-O O-O 11. Na4 Qa6
12. Qc2 e5 13. Bg5 Be6 14. Rfd1 Rac8 15. b4 d4 16. Bxf6 Bxf6
17. Rac1 Be7 18. e3 c5 19. b5 Qa5 20. Nb2 Rfd8 21. a4 g6
22. Nd3 dxe3 23. fxe3 Bg5 24. Re1 Qc7 25. Rcd1 Rd6 26. Nf2
Rxd1 27. Nxd1 Rd8 28. Nc3 Qa5 29. Kf2 Bxc4 30. Ne4 Be6 31. Qc3
Qxc3 32. Nxc3 Rd3 33. Ne4 Be7 34. Rc1 c4 35. Bf1 Ra3 36. Bxc4
Bf5 37. Bd5 Rxa4 38. Rc7 Bxe4 39. Bxe4 Bd8 40. Rc8 Rxe4
41. Rxd8+ Kg7 42. Ra8 Rb4 43. Rxa7 Rxb5 44. h4 e4 45. Re7 Rb2+
46. Kf1 Rb4 47. g4 Kf6 48. Ra7 Rb2 49. g5+ Ke6 50. Ra6+ Kd5
51. Rf6 Kc4 52. Rd6 Kc3 53. Rd7 Rh2 54. Rxf7 Rxh4 55. Rd7 Rh5
56. Ke2 Rxg5 57. Rc7+ Kb4 58. Rxh7 Rg4 59. Rd7 Kc5 60. Rd4 g5
61. Kf2 Kc6 62. Kf1 Kc5 63. Kf2 Kc6 64. Kf1 Kc5 1/2-1/2

[Event "World Blitz Championship"]
[Site "Doha QAT"]
[Date "2016.12.29"]
[EventDate "2016.12.29"]
[Round "2.24"]
[Result "1/2-1/2"]
[White "Maxime Vachier-Lagrave"]
[Black "Ernesto Inarkiev"]
[WhiteElo "2804"]
[BlackElo "2709"]
[PlyCount "111"]

1. e4 e5 2. Nf3 Nc6 3. Bb5 a6 4. Ba4 Nf6 5. O-O Be7 6. d3 b5
7. Bb3 d6 8. a3 O-O 9. Nc3 Be6 10. Nd5 Nd4 11. Nxd4 exd4
12. Nxf6+ Bxf6 13. Bxe6 fxe6 14. Qg4 Qd7 15. b3 c5 16. a4 c4
17. Bd2 Rfc8 18. axb5 axb5 19. Bb4 h6 20. h4 Qe7 21. h5 e5
22. Rxa8 Rxa8 23. bxc4 bxc4 24. dxc4 Kh8 25. Rb1 Qc7 26. Qe6
Be7 27. Bd2 Bf8 28. Qd5 Ra4 29. Bb4 Qb8 30. Qb5 Qa8 31. g3 Ra2
32. c5 dxc5 33. Bxc5 Ra5 34. Qb8 Qxb8 35. Rxb8 Rxc5 36. Rxf8+
Kh7 37. Re8 g5 38. Kf1 Kg7 39. Re6 Kf7 40. Rxh6 Rxc2 41. Rd6
g4 42. h6 Rc1+ 43. Ke2 Rh1 44. f4 Rh2+ 45. Kf1 exf4 46. gxf4
Rh3 47. Kg2 Rf3 48. f5 d3 49. Rd7+ Kg8 50. h7+ Kh8 51. e5 Rxf5
52. e6 Re5 53. e7 d2 54. Rxd2 Rxe7 55. Rd4 Kxh7 56. Rxg4
1/2-1/2

[Event "World Blitz Championship"]
[Site "Doha QAT"]
[Date "2016.12.29"]
[EventDate "2016.12.29"]
[Round "3.19"]
[Result "0-1"]
[White "Laurent Fressinet"]
[Black "Maxime Vachier-Lagrave"]
[WhiteElo "2672"]
[BlackElo "2804"]
[PlyCount "80"]

1. Nf3 c5 2. c4 Nc6 3. d4 cxd4 4. Nxd4 Nf6 5. g3 e5 6. Nb5
Bb4+ 7. Bd2 a6 8. Bxb4 axb5 9. Bd6 Ne4 10. c5 Qa5+ 11. Nd2
Nxd6 12. cxd6 Qb4 13. Bg2 Qxb2 14. Rb1 Qxa2 15. Rxb5 O-O
16. O-O Ra5 17. Rxa5 Qxa5 18. Nc4 Qb4 19. Qd5 Re8 20. e3 b6
21. Nd2 Re6 22. Ne4 h6 23. Qd3 f5 24. Nc3 e4 25. Qc2 Qxd6
26. Rb1 Nb4 27. Qb3 Nd3 28. Nb5 Qc5 29. Nd4 Kh7 30. Nxe6 dxe6
31. Qxb6 Qc2 32. Rf1 Qa2 33. h4 Bd7 34. Qd8 Bb5 35. h5 Ne5
36. Rd1 Qe2 37. Qd2 Qxh5 38. Rb1 Be2 39. Qb2 Nf3+ 40. Bxf3
Bxf3 0-1

[Event "World Blitz Championship"]
[Site "Doha QAT"]
[Date "2016.12.29"]
[EventDate "2016.12.29"]
[Round "4.10"]
[Result "1-0"]
[White "Maxime Vachier-Lagrave"]
[Black "Zdenko Kozul"]
[WhiteElo "2804"]
[BlackElo "2613"]
[PlyCount "59"]

1. Nf3 Nf6 2. g3 g6 3. Bg2 Bg7 4. O-O O-O 5. c4 c6 6. b3 d5
7. Bb2 Bg4 8. d3 Bxf3 9. Bxf3 e6 10. Qc2 h5 11. Nd2 Nbd7
12. d4 Nh7 13. Bg2 f5 14. Nf3 g5 15. e3 g4 16. Nh4 Ng5 17. Ng6
Re8 18. Nf4 h4 19. gxh4 Ne4 20. f3 gxf3 21. Rxf3 Ndf6 22. Raf1
Bh6 23. Qe2 Rc8 24. Kh1 Rc7 25. Bh3 Rg7 26. Qe1 Kh7 27. Nxe6
Rxe6 28. Bxf5+ Kh8 29. Bxe6 Ng4 30. Rf8+ 1-0

[Event "World Blitz Championship"]
[Site "Doha QAT"]
[Date "2016.12.29"]
[EventDate "2016.12.29"]
[Round "5.7"]
[Result "1-0"]
[White "Maxim Matlakov"]
[Black "Maxime Vachier-Lagrave"]
[WhiteElo "2694"]
[BlackElo "2804"]
[PlyCount "67"]

1. Nf3 c5 2. c4 Nc6 3. d4 cxd4 4. Nxd4 Nf6 5. Nc3 e6 6. g3 Qb6
7. Ndb5 Ne5 8. Bg2 a6 9. Qa4 Bc5 10. O-O O-O 11. b4 axb5
12. Qxa8 Bxb4 13. Nxb5 Nxc4 14. Qa4 Qa5 15. Qxa5 Bxa5 16. Rd1
d5 17. Na3 Nd6 18. Bd2 Bxd2 19. Rxd2 Bd7 20. Rc1 Ra8 21. Nb1
Nc4 22. Rdc2 b5 23. Nd2 Ra7 24. e4 Kf8 25. exd5 exd5 26. Nb3
Bf5 27. Re2 Bd3 28. Ree1 Rxa2 29. Ra1 Rxa1 30. Rxa1 g6 31. Nd4
Nd6 32. Ra6 Nde8 33. Rb6 Nc7 34. Rxf6 1-0

[Event "World Blitz Championship"]
[Site "Doha QAT"]
[Date "2016.12.29"]
[EventDate "2016.12.29"]
[Round "6.14"]
[Result "1-0"]
[White "Maxime Vachier-Lagrave"]
[Black "Das Debashis"]
[WhiteElo "2804"]
[BlackElo "2472"]
[PlyCount "103"]

1. e4 c5 2. Nf3 d6 3. Bb5+ Bd7 4. c4 Nf6 5. Nc3 g6 6. O-O Bg7
7. d4 cxd4 8. Nxd4 O-O 9. Bxd7 Qxd7 10. b3 Nc6 11. Bb2 a6
12. a4 e6 13. Re1 Rfd8 14. a5 Qc7 15. Nxc6 bxc6 16. Qc2 d5
17. exd5 cxd5 18. Na4 Qxa5 19. Bd4 Qb4 20. Qb2 Nh5 21. Bxg7
Nxg7 22. cxd5 Rxd5 23. Nc3 Rdd8 24. Ra4 Qb6 25. Ne4 Ne8 26. h4
Rd3 27. b4 Qd4 28. Qc2 Rd8 29. b5 Qb6 30. bxa6 R3d7 31. Rb1
Qa7 32. Qc5 Qxc5 33. Nxc5 Ra7 34. Rb7 Rda8 35. Rxa7 Rxa7
36. Rb4 Rc7 37. Rb8 Kf8 38. Nb7 Rc1+ 39. Kh2 Ra1 40. Nd6 Ke7
41. Nxe8 Rxa6 42. Nc7 Ra4 43. g3 Kd7 44. Nb5 Rb4 45. Rb6 h6
46. Kg2 g5 47. h5 g4 48. Kf1 Rb2 49. Rb7+ Kc6 50. Rc7+ Kd5
51. Nc3+ Ke5 52. Rxf7 1-0

[Event "World Blitz Championship"]
[Site "Doha QAT"]
[Date "2016.12.29"]
[EventDate "2016.12.29"]
[Round "7.9"]
[Result "0-1"]
[White "Surya Shekhar Ganguly"]
[Black "Maxime Vachier-Lagrave"]
[WhiteElo "2668"]
[BlackElo "2804"]
[PlyCount "116"]

1. e4 c5 2. Nf3 d6 3. d4 cxd4 4. Nxd4 Nf6 5. Nc3 a6 6. h3 e6
7. g4 h6 8. Bg2 Nc6 9. Nxc6 bxc6 10. e5 Nd5 11. exd6 Bxd6
12. Ne4 Be5 13. O-O Qc7 14. c4 Nf4 15. Bxf4 Bxf4 16. Qf3 O-O
17. Rad1 Rb8 18. b3 e5 19. Nc5 Qe7 20. Nd3 Bg5 21. Rfe1 Qa3
22. Nxe5 Qxa2 23. Rd3 Qa5 24. Re2 c5 25. Qg3 Qa1+ 26. Kh2 Qc1
27. Rc3 Rxb3 28. Rxc1 Rxg3 29. Kxg3 Bxc1 30. Bd5 g5 31. Nd3
Ba3 32. Re7 Kg7 33. Rc7 a5 34. Ne5 Bc1 35. Nd3 Bd2 36. Kf3 a4
37. Ra7 Bc3 38. Rxa4 f5 39. Ra7+ Kh8 40. Kg2 fxg4 41. hxg4
Bxg4 42. Nxc5 Bd4 43. Rc7 Rxf2+ 44. Kg3 Be5+ 45. Kxf2 Bxc7
46. Ne6 Be5 47. c5 Kh7 48. c6 Kg6 49. c7 Bxe6 50. Bxe6 Bxc7
51. Bd7 h5 52. Be8+ Kh6 53. Kg2 g4 54. Bb5 Kg5 55. Be8 h4
56. Kf2 h3 57. Bd7 g3+ 58. Kf3 g2 0-1

[Event "World Blitz Championship"]
[Site "Doha QAT"]
[Date "2016.12.29"]
[EventDate "2016.12.29"]
[Round "8.6"]
[Result "0-1"]
[White "Maxime Vachier-Lagrave"]
[Black "Alexander Morozevich"]
[WhiteElo "2804"]
[BlackElo "2676"]
[PlyCount "146"]

1. Nf3 d5 2. g3 Nc6 3. d4 Bf5 4. Bg2 Nb4 5. Na3 e6 6. O-O c6
7. Nh4 Bg4 8. c3 Na6 9. Nc2 Be7 10. Nf3 Nf6 11. Ne5 Bh5
12. Bf4 O-O 13. f3 Nd7 14. Nxd7 Qxd7 15. Qd2 c5 16. dxc5 Nxc5
17. Rad1 Rfd8 18. Be3 Rac8 19. Bf2 Qa4 20. Nb4 h6 21. Rfe1 Bg6
22. b3 Qb5 23. Nd3 Nxd3 24. exd3 Bf6 25. d4 Qa5 26. Rc1 Rc6
27. Red1 b5 28. Bf1 a6 29. Be1 Qb6 30. Bf2 Rdc8 31. Be3 Qa5
32. b4 Qa3 33. Qe1 Rxc3 34. Rxc3 Rxc3 35. Bc1 Bxd4+ 36. Kh1
Qxb4 37. Bd2 Qc5 38. Bxc3 Qxc3 39. Qxc3 Bxc3 40. Bd3 Bxd3
41. Rxd3 b4 42. Kg2 Kf8 43. Kf1 Ke7 44. Ke2 Kd6 45. Rd1 Kc5
46. Kd3 f5 47. f4 g5 48. Rc1 a5 49. Rc2 g4 50. Re2 Kd6 51. Rc2
h5 52. Re2 e5 53. fxe5+ Bxe5 54. Rf2 Ke6 55. Rc2 f4 56. Rc6+
Kf5 57. Rh6 Kg5 58. Re6 Bb8 59. gxf4+ Bxf4 60. Ra6 Bxh2
61. Ke2 Bc7 62. Ra7 Bb6 63. Ra6 Bc7 64. Ra7 Bd8 65. Rd7 Bb6
66. Rxd5+ Kh4 67. Kf1 g3 68. Kg2 Kg4 69. Rd6 Be3 70. Rg6+ Bg5
71. Rg8 h4 72. Rh8 a4 73. Rb8 h3+ 0-1

[Event "World Blitz Championship"]
[Site "Doha QAT"]
[Date "2016.12.29"]
[EventDate "2016.12.29"]
[Round "9.10"]
[Result "0-1"]
[White "Arkadij Naiditsch"]
[Black "Maxime Vachier-Lagrave"]
[WhiteElo "2687"]
[BlackElo "2804"]
[PlyCount "100"]

1. e4 c5 2. Nf3 d6 3. Nc3 e5 4. Bc4 Be7 5. d3 Nf6 6. Nd2 O-O
7. Nf1 a6 8. a4 Bg4 9. f3 Be6 10. Ne3 Nc6 11. O-O Rb8 12. Bd2
Na5 13. Ba2 b5 14. axb5 axb5 15. Ncd5 Nc6 16. Nxf6+ Bxf6
17. Bd5 Qd7 18. Ra6 Rfc8 19. Qa1 Bg5 20. c3 Bxd5 21. exd5 Ne7
22. Qa2 c4 23. Nxc4 bxc4 24. Bxg5 cxd3 25. Ra7 Rc7 26. Rxc7
Qxc7 27. Bxe7 Qxe7 28. Rd1 e4 29. fxe4 Qxe4 30. b4 Re8 31. Qd2
Qxd5 32. Qxd3 Qe5 33. c4 h5 34. Qd4 Qe2 35. b5 Re6 36. Qd3 Qb2
37. Rb1 Qe5 38. h3 Qc5+ 39. Kh1 Qb6 40. Qd5 g6 41. Rf1 Kg7
42. Qf3 f5 43. Qd5 Re5 44. Qd3 Re3 45. Qd5 Re5 46. Qa8 Rc5
47. Re1 Rxc4 48. Re7+ Kf6 49. Qf8+ Kg5 50. h4+ Rxh4# 0-1

[Event "World Blitz Championship"]
[Site "Doha QAT"]
[Date "2016.12.29"]
[EventDate "2016.12.29"]
[Round "10.4"]
[Result "1-0"]
[White "Maxime Vachier-Lagrave"]
[Black "Alexander Riazantsev"]
[WhiteElo "2804"]
[BlackElo "2671"]
[PlyCount "59"]

1. e4 c6 2. Ne2 d5 3. e5 g6 4. d4 Bg7 5. h4 c5 6. c3 h6 7. Nf4
e6 8. Nd2 Ne7 9. Bd3 Nbc6 10. Nf3 Qb6 11. O-O Bd7 12. dxc5
Qxc5 13. Re1 Qb6 14. Bc2 Qc7 15. Nd3 Na5 16. Bf4 Nc4 17. Qc1
Nf5 18. Nb4 a5 19. Nxd5 exd5 20. e6 Qb6 21. exd7+ Kxd7 22. Qd1
Qc6 23. Bxf5+ gxf5 24. Qd3 Nd6 25. Bxd6 Qxd6 26. Qxf5+ Kc6
27. Qxf7 Raf8 28. Qxg7 Rhg8 29. Nd4+ Kb6 30. Qxg8 1-0

[Event "World Blitz Championship"]
[Site "Doha QAT"]
[Date "2016.12.29"]
[EventDate "2016.12.29"]
[Round "11.4"]
[Result "0-1"]
[White "A R Saleh Salem"]
[Black "Maxime Vachier-Lagrave"]
[WhiteElo "2656"]
[BlackElo "2804"]
[PlyCount "80"]

1. d4 Nf6 2. c4 g6 3. Nc3 d5 4. cxd5 Nxd5 5. e4 Nxc3 6. bxc3
Bg7 7. Bc4 c5 8. Ne2 Nc6 9. Be3 O-O 10. O-O b6 11. Rc1 Bb7
12. Qd2 e6 13. Rfd1 Qd7 14. h4 Rac8 15. h5 Na5 16. Bd3 f5
17. e5 c4 18. Bb1 Rfe8 19. f3 Nc6 20. hxg6 hxg6 21. Kf2 Kf7
22. Bg5 Ne7 23. Nf4 Rh8 24. Rh1 Bxe5 25. Rhe1 Bxf4 26. Qxf4
Rh5 27. Re2 Nd5 28. Qd2 Qd6 29. Rce1 Re8 30. Re5 Bc8 31. Bc2
Bd7 32. Kg1 Reh8 33. Kf2 b5 34. Bb1 b4 35. cxb4 c3 36. Qc1
Nxb4 37. Qxc3 Rxg5 38. d5 Rh2 39. dxe6+ Bxe6 40. Rxe6 Rgxg2+
0-1

[Event "World Blitz Championship"]
[Site "Doha QAT"]
[Date "2016.12.29"]
[EventDate "2016.12.29"]
[Round "12.2"]
[Result "1/2-1/2"]
[White "Sergey Karjakin"]
[Black "Maxime Vachier-Lagrave"]
[WhiteElo "2785"]
[BlackElo "2804"]
[PlyCount "56"]

1. Nf3 c5 2. c4 Nc6 3. Nc3 e5 4. g3 g6 5. Bg2 Bg7 6. O-O Nge7
7. a3 O-O 8. Ne1 a5 9. Nc2 d6 10. d3 Be6 11. Nd5 Rb8 12. Nxe7+
Nxe7 13. b4 axb4 14. axb4 cxb4 15. Nxb4 b5 16. cxb5 Rxb5
17. Rb1 Qd7 18. Bd2 Rfb8 19. Qc2 d5 20. Rfc1 h6 21. h4 Kh7
22. Na6 Rxb1 23. Rxb1 Rxb1+ 24. Qxb1 Qc8 25. Nb4 Qc5 26. Na6
Qc8 27. Nb4 Qc5 28. Na6 Qc8 1/2-1/2

[Event "World Blitz Championship"]
[Site "Doha QAT"]
[Date "2016.12.30"]
[EventDate "2016.12.29"]
[Round "13.1"]
[Result "0-1"]
[White "Maxime Vachier-Lagrave"]
[Black "Magnus Carlsen"]
[WhiteElo "2804"]
[BlackElo "2840"]
[PlyCount "86"]

1. e4 e5 2. Nf3 Nc6 3. Bb5 a6 4. Ba4 Nf6 5. O-O b5 6. Bb3 Bb7
7. d3 Be7 8. Nc3 O-O 9. a3 d6 10. Nd5 Nxd5 11. Bxd5 Qd7 12. d4
exd4 13. Nxd4 Bf6 14. Nf5 Nd8 15. Re1 Re8 16. c3 Bxd5 17. Qxd5
Nc6 18. Ng3 g6 19. Bf4 Ne5 20. Rad1 Rad8 21. Re2 c6 22. Qa2
Qg4 23. Bc1 h5 24. h3 Qe6 25. Qxe6 Rxe6 26. f4 Nc4 27. b3 Na5
28. b4 Nc4 29. Rd3 Rde8 30. e5 dxe5 31. f5 e4 32. Rd7 gxf5
33. Nxf5 e3 34. Rd3 Re5 35. Nd4 Rd5 36. Bxe3 Rde5 37. Nc2 Bg5
38. Kf2 Rf5+ 39. Kg1 Rfe5 40. Kf2 f5 41. Re1 Nxe3 42. Nxe3 f4
43. Nc2 Bh4+ 0-1

[Event "World Blitz Championship"]
[Site "Doha QAT"]
[Date "2016.12.30"]
[EventDate "2016.12.29"]
[Round "14.5"]
[Result "1/2-1/2"]
[White "Maxime Vachier-Lagrave"]
[Black "Teimour Radjabov"]
[WhiteElo "2804"]
[BlackElo "2710"]
[PlyCount "104"]

1. Nf3 Nf6 2. g3 g6 3. Bg2 Bg7 4. O-O O-O 5. c4 c6 6. b3 Ne4
7. d4 d5 8. Bb2 Bf5 9. Nbd2 a5 10. Re1 Nd7 11. Nh4 Nxd2
12. Nxf5 gxf5 13. Qxd2 e6 14. cxd5 cxd5 15. Rec1 Qb6 16. e3
Rfc8 17. Bf1 Bf8 18. Rxc8 Rxc8 19. Rc1 Rc6 20. Qd1 Nf6 21. Rc2
Be7 22. Bd3 Qc7 23. Qc1 Qb6 24. Rxc6 bxc6 25. Qc2 Kf8 26. Kg2
Kg8 27. h3 h5 28. Be2 Kg7 29. Qd1 Kg6 30. Bd3 Kg7 31. Be2 Kg6
32. Qd3 Kg7 33. Bc1 Bb4 34. Qa6 Qc7 35. a3 Bd6 36. Bd2 Ne4
37. Bxa5 Qb8 38. Be1 Qxb3 39. Bxh5 Qb1 40. Qa7 Qxe1 41. Qxf7+
Kh8 42. Qe8+ Kg7 43. Qg6+ Kh8 44. Qh6+ Kg8 45. Qxe6+ Kg7
46. Qg6+ Kh8 47. Qxf5 Bxg3 48. Qf8+ Kh7 49. Qf7+ Kh8 50. Qf8+
Kh7 51. Qf5+ Kh8 52. Qf8+ Kh7 1/2-1/2